| 000 | 00531nam a22001577a 4500 | ||
|---|---|---|---|
| 003 | NUST | ||
| 082 | _a200 | ||
| 100 |
_aMustafa, Muhammad _9112152 |
||
| 245 |
_aAn Efficient Phishing URLs Detection Approach Using Supervised Machine Learning/ _cMuhammad Mustafa, |
||
| 264 |
_aIslamabad : _bSEECS, NUST, _c2023. |
||
| 300 |
_a82 p. ; _c30 cm. |
||
| 650 |
_aMS-Information Security _927215 |
||
| 700 |
_aSupervisor: Dr. Mehdi Hussain _996690 |
||
| 856 | _uhttp://10.250.8.41:8080/xmlui/handle/123456789/37297 | ||
| 942 |
_2ddc _cSC |
||
| 999 |
_c603390 _d603390 |
||